[Event "AUTO-INT-1989"]
[Site "http://www.queenalice.com/game.php?id=916503"]
[Date "2011.3.23"]
[Round "1"]
[White "Jam112"]
[Black "kiko_rs"]
[Result "0-1"]
[WhiteElo "1315"]
[BlackElo "1653"]

1. d4 d5 2. c4 c6 3. c5 b6 4. Bd2 bxc5 5. dxc5 e5 6. e3 Bxc5 7. Qa4 Bd7 8. Ba5
Bb6 9. Bxb6 Qxb6 10. Nc3 Qxb2 11. Qa5 Qxa1+ 12. Nd1 c5 13. Bb5 Ne7 14. Bxd7+
Nxd7 15. Ne2 Nc6 16. Qd2 e4 17. Qxd5 Rd8 18. Qxe4+ Nce5 19. O-O O-O 20. Qc2 Rb8
21. Ndc3 Rb2 22. Qf5 Qxf1+ 0-1

[Event "Challenge"]
[Site "http://www.queenalice.com/game.php?id=921104"]
[Date "2011.4.3"]
[Round "-"]
[White "alexferreira"]
[Black "kiko_rs"]
[Result "1-0"]
[WhiteElo "1833"]
[BlackElo "1750"]

1. d4 d5 2. g3 c5 3. Bg2 cxd4 4. Qxd4 Nc6 5. Qxd5 Bd7 6. Nf3 Nf6 7. Qd1 e5 8.
Bg5 e4 9. Nd4 Qa5+ 10. c3 Qxg5 11. Nd2 Nxd4 12. cxd4 Bb4 13. a3 Bxd2+ 14. Qxd2
Qxd2+ 15. Kxd2 O-O 16. e3 Rac8 17. b4 Ng4 18. Raf1 Be6 19. Bxe4 Bc4 20. Bd3 Bd5
21. f3 Nf6 22. e4 Be6 23. d5 Bh3 24. Rc1 1-0

[Event "Challenge"]
[Site "http://www.queenalice.com/game.php?id=921107"]
[Date "2011.4.3"]
[Round "-"]
[White "kiko_rs"]
[Black "alexferreira"]
[Result "0-1"]
[WhiteElo "1764"]
[BlackElo "1819"]

1. d4 d5 2. c4 g6 3. cxd5 Qxd5 4. Nc3 Qd8 5. e4 c6 6. Nf3 Bg7 7. g3 Bg4 8. Bg2
Nf6 9. O-O Nbd7 10. d5 cxd5 11. exd5 Nb6 12. h3 Bxf3 13. Bxf3 Rb8 14. Bf4 Rc8
15. a4 a5 16. d6 O-O 17. Nb5 exd6 18. Bxb7 Rb8 19. Nxd6 Qd7 20. Bg2 Rfd8 21. Qd2
Ne8 22. Rad1 Nxd6 0-1

[Event "Challenge"]
[Site "http://www.queenalice.com/game.php?id=923634"]
[Date "2011.4.8"]
[Round "-"]
[White "kiko_rs"]
[Black "Mouralct"]
[Result "0-1"]
[WhiteElo "1653"]
[BlackElo "1278"]

1. d4 d5 2. c4 Bf5 3. Nc3 e6 4. g3 Bb4 5. Qa4+ Nc6 6. Nf3 a6 7. Bg2 Ne7 8. O-O
dxc4 9. h3 b5 10. Qd1 Nd5 11. e4 Nxc3 12. bxc3 Bxc3 13. Rb1 Bxe4 14. Ne5 Bxg2
15. Kxg2 Qd5+ 16. f3 Nxd4 17. Bf4 Qc5 18. Qc1 Ne2 19. Qd1 Bxe5 20. Qxe2 Bxf4 21.
Qe4 O-O 22. Qxf4 Qa3 23. Rf2 Rac8 24. Re1 c3 25. Re3 b4 26. Re1 c5 27. Rfe2 c4
28. Re4 Qxa2+ 29. R1e2 c2 30. h4 b3 31. Rxc4 Rxc4 32. Qxc4 c1=Q 33. Qxc1 Qxe2+
34. Kg1 Rd8 35. g4 b2 36. Qb1 Rd1+ 37. Qxd1 Qxd1+ 38. Kf2 b1=Q 39. Kg3 Qd6+ 40.
Kh3 Qh1# 0-1

[Event "AUTO-OPEN-2334"]
[Site "http://www.queenalice.com/game.php?id=926853"]
[Date "2011.4.17"]
[Round "1"]
[White "kiko_rs"]
[Black "carlospianista"]
[Result "0-1"]
[WhiteElo "1634"]
[BlackElo "1939"]

1. d4 Nf6 2. Nc3 e6 3. a3 d5 4. Bf4 c5 5. e3 Nc6 6. Nb5 Qa5+ 7. b4 cxb4 8. e4
bxa3+ 9. Bd2 Bb4 10. c3 Be7 11. exd5 Nxd5 12. Qc2 Qd8 13. c4 Ndb4 14. Qe4 a6 15.
Nxa3 O-O 16. Nf3 Bf6 17. Bc3 Re8 18. Rb1 Qa5 19. Bd3 Nxd3+ 20. Qxd3 Qxa3 21. O-O
Bd7 22. Rxb7 Rad8 23. Ra1 Qd6 24. c5 Qd5 25. Rxa6 Bc8 0-1

[Event "AUTO-OPEN-2334"]
[Site "http://www.queenalice.com/game.php?id=926854"]
[Date "2011.4.17"]
[Round "1"]
[White "carlospianista"]
[Black "kiko_rs"]
[Result "1-0"]
[WhiteElo "2012"]
[BlackElo "1632"]

1. d4 d5 2. c4 c6 3. Nc3 Nf6 4. Bg5 Nfd7 5. Nf3 h6 6. Bf4 Na6 7. e3 e6 8. cxd5
cxd5 9. Bxa6 bxa6 10. O-O Nb6 11. Rc1 Nc4 12. b3 Ba3 13. bxc4 Bxc1 14. Qxc1 O-O
15. cxd5 exd5 16. Qb1 Qa5 17. Qb3 Be6 18. Na4 Rab8 19. Bxb8 Bd7 20. Nc5 Bb5 21.
Be5 Bxf1 22. Kxf1 Qd8 23. Nxa6 Qc8 24. Nc5 f6 25. Qxd5+ Kh7 26. Qe4+ g6 27. Bd6
Re8 28. Qb7+ Qxb7 29. Nxb7 Rb8 30. Bxb8 1-0

[Event "AUTO-OPEN-2334"]
[Site "http://www.queenalice.com/game.php?id=926855"]
[Date "2011.4.17"]
[Round "1"]
[White "kiko_rs"]
[Black "Alffamed"]
[Result "0-1"]
[WhiteElo "1670"]
[BlackElo "1704"]

1. d4 d5 2. c4 e6 3. cxd5 exd5 4. Nc3 Nf6 5. g3 Bb4 6. Bg2 Bxc3+ 7. bxc3 Ne4 8.
c4 c6 9. Ba3 Qa5+ 10. Kf1 Qxa3 11. cxd5 Nc3 12. Qd3 Na6 13. dxc6 Rb8 14. Nh3 Nb4
15. Qe3+ Be6 16. Qe5 O-O 17. cxb7 Rxb7 18. Bxb7 Re8 19. Qh5 Bxh3+ 20. Qxh3 Nxe2
0-1

[Event "AUTO-OPEN-2334"]
[Site "http://www.queenalice.com/game.php?id=926856"]
[Date "2011.4.17"]
[Round "1"]
[White "Alffamed"]
[Black "kiko_rs"]
[Result "1-0"]
[WhiteElo "1688"]
[BlackElo "1686"]

1. b3 d5 2. Bb2 Nc6 3. e3 e5 4. Bb5 Ne7 5. d3 Bd7 6. f4 g6 7. Bxc6 Nxc6 8. a3
Bg7 9. Nf3 O-O 10. O-O Qe7 11. Nbd2 Bg4 12. h3 Bxf3 13. Nxf3 Qc5 14. d4 Qb6 15.
fxe5 Bh6 16. Qd3 Ne7 17. g4 c5 18. dxc5 Qxc5 19. Bd4 Qc7 20. g5 Bg7 21. c3 1-0

[Event "AUTO-OPEN-2244"]
[Site "http://www.queenalice.com/game.php?id=944105"]
[Date "2011.5.30"]
[Round "2"]
[White "kiko_rs"]
[Black "Harir"]
[Result "0-1"]
[WhiteElo "1657"]
[BlackElo "2335"]

1. d4 d5 2. c4 Nf6 3. cxd5 Qxd5 4. Nc3 Qa5 5. Bd2 Nc6 6. Nf3 Bg4 7. Ne4 Qd5 8.
Nxf6+ gxf6 9. Bc3 O-O-O 10. Qc2 Bxf3 11. exf3 Nxd4 12. Qa4 Qe6+ 13. Kd1 b5 14.
Bxb5 Nxb5+ 15. Bd2 Bh6 16. f4 Qd6 17. Ke1 Qxd2+ 18. Kf1 Qxb2 19. Re1 Rd2 20. g3
Rxf2+ 21. Kg1 Rg2+ 22. Kf1 Qf2# 0-1

[Event "AUTO-OPEN-2244"]
[Site "http://www.queenalice.com/game.php?id=944106"]
[Date "2011.5.30"]
[Round "2"]
[White "Harir"]
[Black "kiko_rs"]
[Result "1-0"]
[WhiteElo "2334"]
[BlackElo "1655"]

1. e4 c5 2. Nf3 e6 3. Bc4 d6 4. O-O Nf6 5. Nc3 d5 6. exd5 exd5 7. Re1+ Be7 8.
Bb5+ Nbd7 9. Qe2 d4 10. Na4 Nd5 11. Qe5 O-O 12. Qxd5 Qa5 13. Bxd7 Rd8 14. Rxe7
Bxd7 15. Qxf7+ Kh8 16. Qxg7# 1-0

[Event "Challenge"]
[Site "http://www.queenalice.com/game.php?id=948454"]
[Date "2011.6.10"]
[Round "-"]
[White "kiko_rs"]
[Black "FC"]
[Result "0-1"]
[WhiteElo "1655"]
[BlackElo "1654"]

1. d4 e6 2. e4 Nc6 3. c4 d6 4. d5 Ne5 5. Bf4 exd5 6. cxd5 Nf6 7. Nc3 Bg4 8. f3
Bh5 9. Be2 Be7 10. Nh3 O-O 11. O-O c6 12. Bxe5 dxe5 13. a3 a5 14. Qb3 Bc5+ 15.
Kh1 Be3 16. Qxb7 Rc8 17. dxc6 Rc7 18. Qa6 Qb8 19. Qxa5 Rxc6 0-1

[Event "AUTO-INT-1935"]
[Site "http://www.queenalice.com/game.php?id=953667"]
[Date "2011.6.24"]
[Round "2"]
[White "kiko_rs"]
[Black "Jules_Winnfield86"]
[Result "0-1"]
[WhiteElo "1637"]
[BlackElo "1920"]

1. d4 Nf6 2. Nc3 d5 3. Nf3 Bf5 4. e3 e6 5. a3 c5 6. Bb5+ Nc6 7. O-O Be7 8. Ne5
Rc8 9. Nxc6 bxc6 10. Ba6 Rb8 11. Ne2 O-O 12. c3 c4 13. Ng3 Qa5 14. Bxc4 dxc4 15.
Qf3 Bd3 16. Rd1 Qd5 17. Qf4 Bd6 18. Qh4 a5 0-1

[Event "AUTO-INT-1935"]
[Site "http://www.queenalice.com/game.php?id=953668"]
[Date "2011.6.24"]
[Round "2"]
[White "Jules_Winnfield86"]
[Black "kiko_rs"]
[Result "1-0"]
[WhiteElo "1915"]
[BlackElo "1639"]

1. d4 c6 2. c4 d6 3. Nc3 Nf6 4. e4 Nbd7 5. Nf3 g6 6. Be2 Bg7 7. O-O O-O 8. Bf4
e6 9. Qd2 b6 10. Bh6 Bxh6 11. Qxh6 Ng4 12. Qf4 Ndf6 13. h3 1-0

[Event "II"]
[Site "http://www.queenalice.com/game.php?id=960805"]
[Date "2011.7.15"]
[Round "-"]
[White "Mouralct"]
[Black "kiko_rs"]
[Result "0-1"]
[WhiteElo "1400"]
[BlackElo "1630"]

1. Nf3 d5 2. d4 c5 3. e3 Bg4 4. Be2 Nf6 5. O-O Nc6 6. dxc5 g6 7. Nc3 Bg7 8. Qd3
O-O 9. Rd1 Nb4 10. Qd4 Nxc2 0-1

[Event "Challenge"]
[Site "http://www.queenalice.com/game.php?id=975070"]
[Date "2011.8.21"]
[Round "-"]
[White "tcmaclei"]
[Black "kiko_rs"]
[Result "1-0"]
[WhiteElo "1779"]
[BlackElo "1609"]

1. c4 e5 2. e4 Nf6 3. Nc3 c6 4. Nf3 Bc5 5. Be2 O-O 6. Nxe5 d6 7. Na4 Bxf2+ 8.
Kxf2 Nxe4+ 9. Kg1 Qf6 10. Nf3 Qg6 11. d3 Bh3 12. Nh4 Qf6 13. dxe4 1-0